000
00260nam a22001217a 4500
082
_a
080
_b
VEL/S
100
_a
VELUPADAM, JOHNSON
245
_a
SMS FOR ALL
260
_a
THRISSUR
_b
H & C PUBLISHING
_c
2009
300
_a
96
650
_a
JOKES
_z
KERALA
942
_c
BK
999
_c
5685
_d
5685